| 000 | 01066nam a2200253 a 4500 | ||
|---|---|---|---|
| 001 | 000022228 | ||
| 005 | 20240422202218.0 | ||
| 008 | 100920s1992 dr 001 0 spa d | ||
| 040 |
_aDO-SdBNP _bspa _cBNPHU |
||
| 082 |
_a343.04 _bT683c |
||
| 100 | 1 |
_aToribio, Daniel _9588 |
|
| 245 | 1 | 0 |
_aComparación título II del impuesto sobre la renta del código tributario y la ley 5911 y sus reglamentos / _cDaniel Toribio, Juan Hernández B. |
| 260 |
_aSanto Domingo : _bAlfa y Omega, _c1992. |
||
| 300 |
_a411 p. ; _c21 cm. |
||
| 500 | _aEn la portada: Incluye el código tributario integro y la tabla de retención anual para los asalariados, 1992. | ||
| 590 | _aInventariado, 2018/VM | ||
| 650 | 4 |
_aDerecho fiscal _zRepública Dominicana _98288 |
|
| 650 | 0 |
_aProcedimiento tributario _98289 |
|
| 650 | 4 |
_aImpuestos sobre la renta _xLegislacion _zRepública Dominicana _99399 |
|
| 651 | 4 |
_aRepública Dominicana _xLey 5911 _945965 |
|
| 651 | 4 |
_aRepública Dominicana _xLeyes _916541 |
|
| 700 | 1 |
_aHernández B., Juan _945966 |
|
| 910 | _aValidado. Control de calidad EMS | ||
| 999 |
_c21726 _d21726 |
||